00618nam a2200193Ia 450000500170000000800410001702000230005804000180008104100080009908200200010710000310012724500700015825000120022826000660024030000220030665000350032865000340036365000270039720220409113851.0210716s2007 xx 000 0 und d a978 0 07 043577 3 cAIMIT LIBRARY aeng a651.7 21bMONM aMonippally, Matthukutty M. aBusiness communication strategies /cBy Matthukutty M Monippally. a1st ed. aNew Delhi :bTata McGraw Hill Publishing Company Ltd ,c2007. axi,258 p.;c25cm. aSeven communication roadblocks aCommunicating across cultures aMeetings without yawns